Men out of work; a study of unemployment in three English towns

Guardat en:
Dades bibliogràfiques
Altres autors: Hill, Michael J. (Michael James), 1937-
Format: Llibre
Idioma:English
Publicat: Cambridge [Eng.] University Press, 1973.
Matèries:
LEADER 01099nam a2200313 a 4500
001 c000184477
003 CARM
005 20000913200201.0
008 730803s1973 enk bs 001 0 eng
010 |a 73079313 //r852 
015 |a GB*** 
019 1 |a 520860  |5 LACONCORD2021 
020 |a 0521202817 
020 |a 0521098181 
035 |a (OCoLC)695872  |5 LACONCORD2021 
040 |a LC  |b eng  |c LC  |d LC 
043 |a e-uk--- 
050 4 |a HD5767  |b .M42 
050 0 0 |a HD5767  |b .M42 
082 0 4 |a 331.1/37942 
245 0 0 |a Men out of work;  |b a study of unemployment in three English towns  |c [by] M. J. Hill [and others]. 
260 |a Cambridge [Eng.]  |b University Press,  |c 1973. 
300 |a 193 p.  |c 24 cm. 
504 |a Bibliography: p. 185-187. 
650 0 |a Unemployment  |z Great Britain  |x Case studies. 
700 1 |a Hill, Michael J.  |q (Michael James),  |d 1937- 
852 8 |b CARM  |h A2:AK27B0  |i B05464  |p 0250340  |f BK 
999 f f |i 6b39be91-1d97-5445-9073-51cdcbd20759  |s ad7f79f4-f0b9-5209-89e4-3b65fd21a2f0 
952 f f |p Can circulate  |a CAVAL  |b CAVAL  |c CAVAL  |d CARM 1 Store  |e B05464  |f A2:AK27B0  |h Other scheme  |i book  |m 0250340